000 00314nam a2200133 i 4500
001 bg
100 1 _aHARRIOTT, Peter
245 0 _aRegulacja procesów chemicznych /
_cPeter Harrioll.
260 _aWarszawa,
_c1967.
040 _cBPK
041 _apol
942 _cKS
008 s pl f |000 0 pol
999 _c15899
_d15899
856 _uhttp://koha.tu.koszalin.pl/cgi-bin/koha/opac-detail.pl?biblionumber=15899
_yKatalog online BPK